| 000 | 00545nam a22001937a 4500 | ||
|---|---|---|---|
| 003 | NUST - PNEC | ||
| 005 | 20170116180822.0 | ||
| 008 | 150624b xxu||||| |||| 00| 0 eng d | ||
| 020 | _a- | ||
| 040 | _cLIBRARY | ||
| 082 | _a519.5 SPI | ||
| 100 |
_94173 _aSpiegel, Murray R. |
||
| 245 |
_aSchaum's outline of theory and problems of statistics _cMurray R. Spiegel |
||
| 250 | _a1st ed. | ||
| 260 |
_aNew York: _bSchaum's Outline series, _cc1961. |
||
| 300 |
_a359 p. : _c27 cm. |
||
| 650 |
_94174 _aStatistics, Calculus _xME |
||
| 942 |
_2ddc _cBK |
||
| 999 |
_c63775 _d63775 |
||